Mindennapi vizünk
Elmentve itt :
| Szerző: | |
|---|---|
| Dokumentumtípus: | Cikk |
| Megjelent: |
1967-08-12
|
| Sorozat: | Délmagyarország
57 No. 189 |
| Kulcsszavak: | Tombácz Ferenc, Szilléri László, Vízellátás Szeged 1967, vízellátás, csatornázás |
| Online Access: | http://dmarchiv.bibl.u-szeged.hu/65158 |
| LEADER | 00520nab a2200157 i 4500 | ||
|---|---|---|---|
| 001 | delm65158 | ||
| 005 | 20180927151321.0 | ||
| 008 | 180927s1967 hu o 0|| hun d | ||
| 040 | |a SZTE Délmagyarország Archívum |b hun | ||
| 041 | |a hun | ||
| 100 | 1 | |a Kondorosi János | |
| 245 | 1 | 0 | |a Mindennapi vizünk |h [elektronikus dokumentum] / |c Kondorosi János |
| 260 | |c 1967-08-12 | ||
| 300 | |a 5 | ||
| 490 | 0 | |a Délmagyarország |v 57 No. 189 | |
| 695 | |a Tombácz Ferenc, Szilléri László, Vízellátás Szeged 1967, vízellátás, csatornázás | ||